Federico García Lorca: Escribe a su familia desde Nueva York y la Habana (1929-1930)

Salvato in:
Dettagli Bibliografici
Autore principale: García Lorca, Federico
Natura: Libro
Lingua:Undetermined
Pubblicazione: Madrid, España Ministerio de Cultura 1985
Soggetti:
Tags: Aggiungi Tag
Nessun Tag, puoi essere il primo ad aggiungerne!!

MARC

LEADER 00000nam a2200000Ia 4500
008 170316s9999 xx 000 0 und d
040 |a cru BVZT 
090 |a 862 G-13f 
100 |a García Lorca, Federico 
245 |a Federico García Lorca: Escribe a su familia desde Nueva York y la Habana (1929-1930) 
260 |a Madrid, España 
260 |b Ministerio de Cultura 
260 |c 1985 
300 |a 151 páginas 
650 |a LITERATURA ESPAÑOLA 
650 |a CATORCE CARTAS DE GARCIA LORCA 
650 |a MANUSCRITOS 
650 |a DOS CONFERENCIAS - GARCIA LORCA 
650 |a EL TEATRO - CHRISTOPHER MAURER 
650 |a LOS NEGROS - CHRISTOPHER MAURER 
999 |c 9878  |d 9878 
942 |c 15 D  |h 862 G-13f  |2 z